| 000 | 00505nam a22001937a 4500 | ||
|---|---|---|---|
| 999 |
_c1077 _d1077 |
||
| 003 | OSt | ||
| 005 | 20191030101618.0 | ||
| 008 | 150225b xxu||||| |||| 00| 0 eng d | ||
| 020 | _a0853695024 | ||
| 040 | _cDNLM | ||
| 082 | _aWX 179 H794m 2003 | ||
| 100 |
_aEdited by Stephens, Martin _913015 |
||
| 245 | _aHospital Pharmacy | ||
| 260 |
_aLondon : _bPhP pharmaceutical press; _c2003 |
||
| 300 |
_axix, 285 p: _bill; _c26 cm. |
||
| 504 | _aIncludes index | ||
| 650 |
_aPharmacy _92906 |
||
| 942 |
_2z _cSLOAN |
||